[Event "CFO-ch Seniors"]
[Site "Kaluga"]
[Date "2011.03.13"]
[Round "?"]
[White "Nekrasov, Stanislav"]
[Black "Khozhanov, Khazhanurat"]
[Result "1-0"]
[WhiteElo "1933"]
[BlackElo "1953"]
[PlyCount "58"]
[EventDate "2011.03.05"]
[EventType "swiss"]
[EventRounds "9"]
[EventCountry "RUS"]
[SourceTitle "CBM 141 Extra"]
[Source "ChessBase"]
[SourceDate "2011.05.03"]
[SourceVersion "1"]
[SourceVersionDate "2011.05.03"]
[SourceQuality "1"]

1. d4 g6 2. e4 d6 3. Nf3 Bg7 4. c3 Nf6 5. Bd3 0-0 6. Bg5 h6 7. Bf4 Nbd7 8. Qc2 Nh5 9. Be3 e5 10. h3 Nf4 11. Bf1 Ne6 12. Na3 exd4 13. cxd4 c5 14. d5 Nc7 15. 0-0-0 a6 16. Nc4 Ne8 17. Qd2 b5 18. Na5 Nb8 19. Nc6 Nxc6 20. dxc6 Kh7 21. Bxc5 Qc7 22. Bxd6 Qxc6+ 23. Qc2 Qxc2+ 24. Kxc2 Nxd6 25. Rxd6 Be6 26. Be2 Rfc8+ 27. Kb1 Rc7 28. Rhd1 Bf6 29. R1d2 Rac8 1-0

[Event "RUS-ch Seniors"]
[Site "Odintsovo"]
[Date "2008.10.08"]
[Round "6"]
[White "Marinin, Viktor"]
[Black "Nekrasov, Stanislav"]
[Result "1-0"]
[WhiteElo "2020"]
[BlackElo "1945"]
[PlyCount "59"]
[EventDate "2008.10.02"]
[EventType "swiss"]
[EventRounds "9"]
[EventCountry "RUS"]
[SourceTitle "CBM 127 Extra"]
[Source "ChessBase"]
[SourceDate "2009.01.08"]
[SourceVersion "2"]
[SourceVersionDate "2009.01.28"]
[SourceQuality "1"]

1. e4 e5 2. Bc4 Bc5 3. Nf3 d6 4. c3 Qe7 5. 0-0 Be6 6. Bb3 Nd7 7. d4 Bb6 8. h3 Bxb3 9. Qxb3 Ngf6 10. Re1 Nh5 11. Na3 Nf4 12. Nc4 Nd3 13. Re2 Nxc1 14. Rxc1 0-0 15. a4 a5 16. Ne3 Kh8 17. Qc2 c6 18. Qd2 exd4 19. Nf5 dxc3 20. Rxc3 Qf6 21. Nxd6 Nc5 22. e5 Qg6 23. Rc4 Rad8 24. b4 Nd3 25. Rg4 Nxf2 26. Rxf2 Qb1+ 27. Kh2 Bxf2 28. Nxf7+ Kg8 29. Nxd8 axb4 30. Qd7 1-0

[Event "RUS-ch Seniors"]
[Site "Odintsovo"]
[Date "2008.10.04"]
[Round "3"]
[White "Nikitinyh, Boris Aleksandrovic"]
[Black "Nekrasov, Stanislav"]
[Result "1-0"]
[WhiteElo "2215"]
[BlackElo "1945"]
[PlyCount "53"]
[EventDate "2008.10.02"]
[EventType "swiss"]
[EventRounds "9"]
[EventCountry "RUS"]
[SourceTitle "CBM 127 Extra"]
[Source "ChessBase"]
[SourceDate "2009.01.08"]
[SourceVersion "2"]
[SourceVersionDate "2009.01.28"]
[SourceQuality "1"]

1. e4 e5 2. Nf3 Nc6 3. Bb5 a6 4. Ba4 Bc5 5. 0-0 b5 6. Bb3 h6 7. Nxe5 Nxe5 8. d4 Bxd4 9. Qxd4 Qf6 10. Nd2 Bb7 11. f4 Nc6 12. Qxf6 Nxf6 13. e5 Nh7 14. c3 Ne7 15. Nf3 Nf8 16. Bc2 0-0-0 17. a4 Ne6 18. axb5 axb5 19. f5 Nc5 20. Nd4 c6 21. b4 Na6 22. Bb3 f6 23. Re1 Ng8 24. e6 Nb8 25. Bf4 Ne7 26. exd7+ Kxd7 27. Ra7 1-0